[Event "ISR-chT"]
[Site "Israel"]
[Date "2007.05.11"]
[Round "11.1"]
[White "Oratovsky, Michael"]
[Black "Murey, Jacob"]
[Result "1/2-1/2"]
[WhiteElo "2535"]
[BlackElo "2433"]
[PlyCount "102"]
[EventDate "2007.01.11"]
[EventType "team-tourn"]
[EventRounds "11"]
[EventCountry "ISR"]
[SourceTitle "EXT 2009"]
[Source "ChessBase"]
[SourceDate "2008.11.26"]
[SourceVersion "1"]
[SourceVersionDate "2008.11.26"]
[SourceQuality "1"]
[WhiteTeam "Kefar Sava Hapoel"]
[BlackTeam "Petah Tikva Elitzur"]
[WhiteTeamCountry "ISR"]
[BlackTeamCountry "ISR"]

1. e4 c5 2. Nf3 Nc6 3. Bb5 Nf6 4. Bxc6 dxc6 5. d3 Qc7 6. Nbd2 e5 7. Nc4 Nd7 8. Nh4 g6 9. f4 Be7 10. Nf3 exf4 11. e5 Nb6 12. Nxb6 Qxb6 13. Qd2 g5 14. h4 g4 15. Ng5 Bxg5 16. hxg5 f3 17. gxf3 gxf3 18. Qc3 Be6 19. Be3 Qb4 20. Qxb4 cxb4 21. Rh4 a5 22. Kf2 0-0-0 23. Kxf3 Bf5 24. b3 Rhe8 25. a3 bxa3 26. Bf4 b6 27. Rxa3 Kb7 28. Bg3 Rd5 29. Ra1 Rc5 30. Rh2 Ra8 31. Kf4 Bg6 32. c4 Rd8 33. Rd2 a4 34. Rxa4 Rxd3 35. Rxd3 Bxd3 36. Be1 b5 37. Ra5 Kb6 38. Ra3 bxc4 39. Bf2 Kb5 40. Bxc5 Kxc5 41. bxc4 Kxc4 42. Ra4+ Kd5 43. Ra7 Bg6 44. Rd7+ Kc4 45. Ke3 c5 46. Kd2 Kb4 47. Re7 Kc4 48. Rd7 Kb4 49. Rd6 Kc4 50. Rd8 Kb4 51. Rc8 Kc4 1/2-1/2

[Event "ISR-chT"]
[Site "Israel"]
[Date "2007.04.20"]
[Round "7.2"]
[White "Murey, Jacob"]
[Black "Huzman, Alexander"]
[Result "0-1"]
[WhiteElo "2433"]
[BlackElo "2590"]
[PlyCount "62"]
[EventDate "2007.01.11"]
[EventType "team-tourn"]
[EventRounds "11"]
[EventCountry "ISR"]
[SourceTitle "EXT 2009"]
[Source "ChessBase"]
[SourceDate "2008.11.26"]
[SourceVersion "1"]
[SourceVersionDate "2008.11.26"]
[SourceQuality "1"]
[WhiteTeam "Petah Tikva Elitzur"]
[BlackTeam "Beer Sheva"]
[WhiteTeamCountry "ISR"]
[BlackTeamCountry "ISR"]

1. e4 c5 2. Nc3 d6 3. g3 Nc6 4. Bg2 g6 5. Nge2 Bg7 6. a3 e5 7. b4 Nge7 8. Rb1 0-0 9. 0-0 Nd4 10. d3 b6 11. Nxd4 cxd4 12. Ne2 Be6 13. f4 Rc8 14. Bd2 f5 15. c4 fxe4 16. Bxe4 d5 17. cxd5 Nxd5 18. Qa4 Nc3 19. Bxc3 dxc3 20. Rbc1 Kh8 21. b5 Bg4 22. Rc2 Bxe2 23. Rxe2 exf4 24. gxf4 Qd6 25. Bc6 Bd4+ 26. Kh1 Rxf4 27. Rfe1 Rcf8 28. Qxa7 R4f7 29. Qa6 Qc5 30. Bg2 c2 31. Rc1 Qg5 0-1

[Event "FRA-chT2 West 0607"]
[Site "France"]
[Date "2007.04.01"]
[Round "11.2"]
[White "Murey, Jacob"]
[Black "Maupin, Jean Paul"]
[Result "1-0"]
[WhiteElo "2470"]
[BlackElo "2126"]
[PlyCount "79"]
[EventDate "2006.10.15"]
[EventType "team-tourn"]
[EventRounds "11"]
[EventCountry "FRA"]
[SourceTitle "EXT 2008"]
[Source "ChessBase"]
[SourceDate "2007.11.25"]
[SourceVersion "1"]
[SourceVersionDate "2007.11.25"]
[SourceQuality "1"]
[WhiteTeam "Chess XV II"]
[BlackTeam "Agneaux Saint Lo"]
[WhiteTeamCountry "FRA"]
[BlackTeamCountry "FRA"]

1. c4 g6 2. Nc3 Bg7 3. d4 f5 4. e4 fxe4 5. Nxe4 Nc6 6. Nf3 Nf6 7. Nc3 d5 8. h3 Be6 9. c5 Ne4 10. Bb5 0-0 11. Bxc6 bxc6 12. 0-0 Bf5 13. Be3 Rb8 14. Qe2 Rb4 15. Rac1 Qd7 16. Kh2 a5 17. Rg1 Rfb8 18. Nd1 Qe8 19. a3 Rb3 20. Bf4 Qc8 21. g4 Be6 22. Rc2 Qf8 23. Be3 Bh6 24. Kg2 Bf4 25. Ne1 Qh6 26. Nd3 Bxe3 27. fxe3 Qh4 28. Qe1 Qh6 29. Ne5 Ng5 30. Qg3 Rf8 31. Nf2 Bc8 32. Re1 Bb7 33. h4 Ne4 34. Nxe4 dxe4 35. Rf2 Ba8 36. Rxf8+ Qxf8 37. Re2 Rb8 38. Nd7 Qd8 39. Nxb8 Qxb8 40. Qe5 1-0

[Event "FRA-chT2 West 0607"]
[Site "France"]
[Date "2007.03.18"]
[Round "9.2"]
[White "Dias Huizar, Alvaro"]
[Black "Murey, Jacob"]
[Result "0-1"]
[WhiteElo "2208"]
[BlackElo "2470"]
[PlyCount "60"]
[EventDate "2006.10.15"]
[EventType "team-tourn"]
[EventRounds "11"]
[EventCountry "FRA"]
[SourceTitle "EXT 2008"]
[Source "ChessBase"]
[SourceDate "2007.11.25"]
[SourceVersion "1"]
[SourceVersionDate "2007.11.25"]
[SourceQuality "1"]
[WhiteTeam "Sautron"]
[BlackTeam "Chess XV II"]
[WhiteTeamCountry "FRA"]
[BlackTeamCountry "FRA"]

1. e4 c5 2. Nf3 Nf6 3. Nc3 Nc6 4. d4 d5 5. exd5 Nxd5 6. dxc5 Nxc3 7. Qxd8+ Kxd8 8. bxc3 e5 9. Be3 f6 10. Bc4 Kc7 11. h3 Ne7 12. g4 Bd7 13. Rg1 Bc6 14. Ke2 Nd5 15. Bxd5 Bxd5 16. Nd2 h5 17. g5 f5 18. f4 Rd8 19. Kf2 exf4 20. Bd4 Kc6 21. Nf1 Re8 22. Rb1 Re4 23. Nd2 Bxc5 24. Nxe4 fxe4 25. Ke2 Re8 26. g6 Bc4+ 27. Kf2 Be7 28. Bxg7 Bh4+ 29. Kg2 f3+ 30. Kh2 f2 0-1

[Event "EU-chT Seniors 09th"]
[Site "Dresden"]
[Date "2007.02.23"]
[Round "8"]
[White "Rodriguez Vargas, Orestes"]
[Black "Murey, Jacob"]
[Result "1-0"]
[WhiteElo "2409"]
[BlackElo "2472"]
[PlyCount "48"]
[EventDate "2007.02.16"]
[EventType "team-swiss"]
[EventRounds "9"]
[EventCountry "GER"]
[SourceTitle "CBM 117 Extra"]
[Source "ChessBase"]
[SourceDate "2007.05.09"]
[SourceVersion "1"]
[SourceVersionDate "2007.05.09"]
[SourceQuality "1"]

1. d4 Nf6 2. c4 e6 3. Nf3 d5 4. Nc3 c5 5. cxd5 Nxd5 6. e4 Nxc3 7. bxc3 cxd4 8. cxd4 Nc6 9. Bc4 b5 10. Bd3 Bb4+ 11. Kf1 a6 12. Bb2 0-0 13. h4 Be7 14. Rc1 Nb4 15. Bb1 f5 16. Qe2 Bb7 17. Ng5 Rc8 18. Rxc8 Bxc8 19. a3 h6 20. axb4 hxg5 21. hxg5 Bxg5 22. exf5 Qd5 23. Be4 Qc4 24. Bd3 Qb3 1-0

[Event "EU-chT Seniors 09th"]
[Site "Dresden"]
[Date "2007.02.22"]
[Round "7"]
[White "Murey, Jacob"]
[Black "Clemens, Christian"]
[Result "0-1"]
[WhiteElo "2472"]
[BlackElo "2300"]
[PlyCount "44"]
[EventDate "2007.02.16"]
[EventType "team-swiss"]
[EventRounds "9"]
[EventCountry "GER"]
[SourceTitle "CBM 117 Extra"]
[Source "ChessBase"]
[SourceDate "2007.05.09"]
[SourceVersion "1"]
[SourceVersionDate "2007.05.09"]
[SourceQuality "1"]

1. c4 f5 2. Nc3 Nf6 3. Nf3 g6 4. d4 Bg7 5. e3 d6 6. Bd3 e5 7. dxe5 dxe5 8. e4 fxe4 9. Nxe4 Nxe4 10. Bxe4 Qxd1+ 11. Kxd1 c6 12. Be3 0-0 13. Nd2 Na6 14. g3 Bf5 15. Kc2 Nc7 16. g4 Bxe4+ 17. Nxe4 Ne6 18. Rhd1 Nd4+ 19. Bxd4 exd4 20. Rd3 c5 21. a3 Rac8 22. Rc1 Rc6 0-1

[Event "EU-chT Seniors 09th"]
[Site "Dresden"]
[Date "2007.02.21"]
[Round "6"]
[White "Bachmann, Karlheinz"]
[Black "Murey, Jacob"]
[Result "1/2-1/2"]
[WhiteElo "2299"]
[BlackElo "2472"]
[PlyCount "46"]
[EventDate "2007.02.16"]
[EventType "team-swiss"]
[EventRounds "9"]
[EventCountry "GER"]
[SourceTitle "CBM 117 Extra"]
[Source "ChessBase"]
[SourceDate "2007.05.09"]
[SourceVersion "1"]
[SourceVersionDate "2007.05.09"]
[SourceQuality "1"]

1. Nf3 f5 2. c4 Nf6 3. Nc3 g6 4. g3 b6 5. Bg2 Bb7 6. 0-0 Bg7 7. b3 Ne4 8. Bb2 0-0 9. Qc2 Nxc3 10. Bxc3 e6 11. Bxg7 Kxg7 12. Qc3+ Qf6 13. Qxf6+ Kxf6 14. d4 Be4 15. Nd2 Bxg2 16. Kxg2 Nc6 17. e3 a5 18. a3 Rfb8 19. Rfc1 Ke7 20. Rc3 Na7 21. Rd3 c5 22. Nf3 a4 23. dxc5 bxc5 1/2-1/2

[Event "EU-chT Seniors 09th"]
[Site "Dresden"]
[Date "2007.02.20"]
[Round "5"]
[White "Murey, Jacob"]
[Black "Vasiukov, Evgeni"]
[Result "1/2-1/2"]
[WhiteElo "2472"]
[BlackElo "2499"]
[PlyCount "60"]
[EventDate "2007.02.16"]
[EventType "team-swiss"]
[EventRounds "9"]
[EventCountry "GER"]
[SourceTitle "CBM 117 Extra"]
[Source "ChessBase"]
[SourceDate "2007.05.09"]
[SourceVersion "1"]
[SourceVersionDate "2007.05.09"]
[SourceQuality "1"]

1. e4 c5 2. Nc3 Nc6 3. g3 g6 4. Bg2 Bg7 5. Nge2 d6 6. a3 Nh6 7. Rb1 a5 8. Nb5 0-0 9. a4 e5 10. d3 f5 11. f4 Be6 12. 0-0 Kh8 13. b3 Qd7 14. Nec3 Nd4 15. exf5 Nhxf5 16. Bd2 d5 17. fxe5 Nc6 18. Bf4 h6 19. h4 Bxe5 20. Qd2 Bxf4 21. Rxf4 Qe7 22. Rbf1 h5 23. Qf2 b6 24. d4 Rac8 25. Ne2 Nb4 26. Nc1 c4 27. c3 Nc6 28. Kh2 cxb3 29. Nd3 b2 30. Nxb2 Na7 1/2-1/2

[Event "EU-chT Seniors 09th"]
[Site "Dresden"]
[Date "2007.02.18"]
[Round "3"]
[White "Murey, Jacob"]
[Black "Donchenko, Anatoly G"]
[Result "0-1"]
[WhiteElo "2472"]
[BlackElo "2402"]
[PlyCount "76"]
[EventDate "2007.02.16"]
[EventType "team-swiss"]
[EventRounds "9"]
[EventCountry "GER"]
[SourceTitle "CBM 117 Extra"]
[Source "ChessBase"]
[SourceDate "2007.05.09"]
[SourceVersion "1"]
[SourceVersionDate "2007.05.09"]
[SourceQuality "1"]

1. d4 d5 2. c4 c6 3. Nf3 Nf6 4. Nc3 a6 5. h3 e6 6. c5 b6 7. cxb6 Nbd7 8. Bf4 Qxb6 9. Qc2 Bb7 10. e3 c5 11. Bd3 Rc8 12. 0-0 Be7 13. Na4 Qa5 14. dxc5 Nxc5 15. Nxc5 Bxc5 16. Be5 0-0 17. Qe2 Ne4 18. Nd4 f6 19. Nb3 Qb6 20. Bd4 Bxd4 21. exd4 a5 22. Rac1 g6 23. Nc5 Nxc5 24. dxc5 Rxc5 25. Rxc5 Qxc5 26. Qxe6+ Kg7 27. Re1 Rf7 28. b3 Bc8 29. Qe3 Qxe3 30. fxe3 Rc7 31. Kf2 f5 32. Ke2 Kf6 33. Kd2 Ke5 34. Rb1 f4 35. b4 fxe3+ 36. Kxe3 Rc3 37. bxa5 Rxd3+ 38. Kxd3 Bf5+ 0-1

[Event "EU-chT Seniors 09th"]
[Site "Dresden"]
[Date "2007.02.17"]
[Round "2"]
[White "Lenk, Wolfgang"]
[Black "Murey, Jacob"]
[Result "1/2-1/2"]
[WhiteElo "2219"]
[BlackElo "2472"]
[PlyCount "91"]
[EventDate "2007.02.16"]
[EventType "team-swiss"]
[EventRounds "9"]
[EventCountry "GER"]
[SourceTitle "CBM 117 Extra"]
[Source "ChessBase"]
[SourceDate "2007.05.09"]
[SourceVersion "1"]
[SourceVersionDate "2007.05.09"]
[SourceQuality "1"]

1. e4 c5 2. Nf3 Nf6 3. e5 Nd5 4. g3 Nc6 5. Bg2 g6 6. 0-0 Bg7 7. Re1 0-0 8. d4 cxd4 9. Nxd4 Nc7 10. Nxc6 dxc6 11. Qxd8 Rxd8 12. Nc3 Bf5 13. Bg5 Kf8 14. Be4 Ne6 15. Bxf5 gxf5 16. Be3 Bxe5 17. Bh6+ Bg7 18. Bxg7+ Kxg7 19. Rad1 Kf6 20. Ne2 Rd6 21. Rxd6 exd6 22. Rd1 d5 23. Rd3 Rd8 24. Kf1 d4 25. Ra3 a6 26. Rb3 Rd7 27. Nc1 a5 28. Rf3 Rd5 29. Nd3 b5 30. Ke2 c5 31. Kd2 Ng5 32. Rf4 c4 33. Ne1 Re5 34. Nf3 Nxf3+ 35. Rxf3 Re4 36. Ra3 a4 37. b3 axb3 38. axb3 Re6 39. Ra5 Re5 40. Ra6+ Ke7 41. bxc4 bxc4 42. Rc6 f4 43. Rxc4 f3 44. Rxd4 Re2+ 45. Kd3 Rxf2 46. Re4+ 1/2-1/2